Direito civil e tecnologia / (Record no. 316)

MARC details
000 -LÍDER
Campo Fixo de Controle 01098nam a2200313 a 4500
001 - NÚMERO DE CONTROLE
Campo de Controle 316
003 - IDENTIFICAÇÃO DO NÚMERO DE CONTROLE
Campo de Controle BR-CuiBMT
005 - DATA E HORA DA ÚLTIMA ATUALIZAÇÃO
Campo de Controle 20231123160117.0
008 - DADOS FIXOS
Dados Fixos 231004b2022 mgba 000 0 por d
020 ## - INTERNATIONAL STANDARD BOOK NUMBER
Nº do ISBN 9786555182552 (v. 1)
020 ## - INTERNATIONAL STANDARD BOOK NUMBER
Nº do ISBN 9786555184327 (v. 2)
040 ## - AGÊNCIA CATALOGADORA
Código da Agência Catalogadora BR-CuiBMT
Agência que transcreveu o registro BR-CuiBMT
080 ## - Nº DA CLASSIFICAÇÃO DECIMAL UNIVERSAL
Nº edição CDU 2007
Nº Class. CDU 347.1
090 ## - NÚMERO DE CHAMADA
Nº classificação 347.1
Cutter D598
Ano/Edição 2. ed.
245 00 - TÍTULO PRINCIPAL
Título principal Direito civil e tecnologia /
Indicação de responsabilidade Marcos Ehrhardt Júnior, Marcos Catalan, Pablo Malheiros, coordenadores ; [autores Alexandre Barbosa da Silva ... et al.].
250 ## - EDIÇÃO
Edição 2 ed., rev., ampl. e atual.
260 ## - PUBLICAÇÃO, DISTRIBUIÇÃO, ETC.
Local de publicação Belo Horizonte :
Editora Fórum,
Data 2021-2022.
300 ## - DESCRIÇÃO FÍSICA
N. páginas ou volumes 2 v. :
Ilustrações il. ;
Dimensões 24 cm
500 ## - NOTAS GERAIS
Notas gerais Vários autores.
504 ## - NOTA DE BIBLIOGRAFIA, ETC.
Nota de bibliografia Inclui bibliografia.
650 ## - ASSUNTO TÓPICO
Cabeçalho tópico ou nome geográfico Direito civil
Subdivisão geral Inovações tecnológicas
650 ## - ASSUNTO TÓPICO
Cabeçalho tópico ou nome geográfico Direito digital
650 ## - ASSUNTO TÓPICO
Cabeçalho tópico ou nome geográfico Direito eletrônico
700 1# - ENTRADA SECUNDÁRIA -- NOME PESSOAL
Nome pessoal Ehrhardt Júnior, Marcos
Cód. do termo explicativo coord.
700 1# - ENTRADA SECUNDÁRIA -- NOME PESSOAL
Nome pessoal Catalan, Marcos Jorge,
Datas associadas ao nome 1973-
Cód. do termo explicativo coord.
700 1# - ENTRADA SECUNDÁRIA -- NOME PESSOAL
Nome pessoal Frota, Pablo Malheiros da Cunha,
Datas associadas ao nome 1980-
Cód. do termo explicativo coord.
700 1# - ENTRADA SECUNDÁRIA -- NOME PESSOAL
Nome pessoal Silva, Alexandre Barbosa da
Termo de relação et al.
-- autores
942 ## - ELEMENTOS DE ENTRADA ADICIONAIS (KOHA)
Fonte de classificação ou esquema de arquivamento Classificação Decimal Universal
Tipo de item do Koha Livros
Holdings
Estado: removido Estado: perdido Fonte de classificação ou esquema de arquivamento Estado: danificado Indisponível para empréstimo Localização permanente Localização atual Data de aquisição Numeração serial ou cronológica (Volume) Total Checkouts Número de Chamada completo Código de barras Date last seen Número do exemplar Preço efetivo a partir de Tipo de item (Koha)
    Classificação Decimal Universal     Biblioteca da Escola Superior de Contas do TCE/MT Biblioteca da Escola Superior de Contas do TCE/MT 04/10/2023 v. 2   347.1 D598 2. ed. BIBTCEMT23100003 04/10/2023 Ex. 1 04/10/2023 Livros
    Classificação Decimal Universal     Biblioteca da Escola Superior de Contas do TCE/MT Biblioteca da Escola Superior de Contas do TCE/MT 04/10/2023 v. 2   347.1 D598 2. ed. BIBTCEMT23100004 04/10/2023 Ex. 2 04/10/2023 Livros
    Classificação Decimal Universal     Biblioteca da Escola Superior de Contas do TCE/MT Biblioteca da Escola Superior de Contas do TCE/MT 04/10/2023 v. 1   347.1 D598 2. ed. BIBTCEMT23100032 25/10/2023 Ex. 1 25/10/2023 Livros
    Classificação Decimal Universal     Biblioteca da Escola Superior de Contas do TCE/MT Biblioteca da Escola Superior de Contas do TCE/MT 04/10/2023 v. 1   347.1 D598 2. ed. BIBTCEMT23100033 25/10/2023 Ex. 2 25/10/2023 Livros
    Classificação Decimal Universal     Biblioteca da Escola Superior de Contas do TCE/MT Biblioteca da Escola Superior de Contas do TCE/MT 04/10/2023 v. 1   347.1 D598 2. ed. BIBTCEMT23100034 25/10/2023 Ex. 3 25/10/2023 Livros
    Classificação Decimal Universal     Biblioteca da Escola Superior de Contas do TCE/MT Biblioteca da Escola Superior de Contas do TCE/MT 01/11/2023 v. 2   347.1 D598 2. ed. BIBTCEMT23110014 01/11/2023 Ex. 3 01/11/2023 Livros

Powered by Koha